[Event "Doha AAB op 5th"]
[Site "Doha"]
[Date "2021.11.12"]
[Round "2"]
[White "Gowtham, Ramamoorthy"]
[Black "Naperi, Enrique"]
[Result "1/2-1/2"]
[WhiteElo "1495"]
[BlackElo "1908"]
[PlyCount "79"]
[EventDate "2021.11.12"]
[EventType "swiss"]
[EventRounds "7"]
[EventCountry "QAT"]
[SourceTitle "CBM 205 Extra"]
[Source "ChessBase"]
[SourceDate "2022.01.31"]
[SourceVersion "1"]
[SourceVersionDate "2022.01.31"]
[SourceQuality "1"]

1. e4 c5 2. Nf3 Nc6 3. d4 cxd4 4. Nxd4 e5 5. Nb5 a6 6. Nd6+ Bxd6 7. Qxd6 Qf6 8. Qd1 Qg6 9. Nc3 Nge7 10. Be3 d6 11. Qd2 0-0 12. f3 b5 13. g4 Bb7 14. 0-0-0 Rad8 15. Nd5 f6 16. h4 Qf7 17. f4 Nxd5 18. exd5 Nd4 19. Bxd4 Qxd5 20. Rh3 exd4 21. Kb1 Rfe8 22. Rd3 Qc5 23. Bg2 Bxg2 24. Qxg2 Re3 25. g5 f5 26. g6 h6 27. a3 Re4 28. Qf2 Rde8 29. R1d2 R8e6 30. h5 Re1+ 31. Rd1 Rxd1+ 32. Rxd1 Re4 33. Qh4 Qc7 34. Qf2 Qc5 35. c3 Qc4 36. Rxd4 Rxd4 37. Qxd4 Qxd4 38. cxd4 Kf8 39. d5 Ke7 40. b4 1/2-1/2